000 00621nam a22001817a 4500
003 UA-OsUOA
001 17107
007 ta
008 20040211b un ||||| |||| 00| 0 ukr d
100 _aТубіна С.
942 _cSA
040 _aUA-OsUOA
_cUA-OsUOA
_dUA-OsUOA
245 _aЯкщо не добровільно, то примусово [, але число дит. будинків сімейн. типу зросте в обл.]
300 _aС.2
955 _a0
773 0 _w0
_tВісті Рівненщини
_dРівне
_d2004
_g№10/30 січ./
650 7 _aБудинки сімейного типу
_2UDC
999 _c303275
_d303275